Derecho procesal penal : la realización penal. El proceso penal. Tomo II /
Guardado en:
| Autor Principal: | |
|---|---|
| Formato: | Libro |
| Idioma: | Spanish |
| Publicado: |
Santa Fe :
Rubinzal - Culzoni,
2004.
|
| Edición: | 1a. ed., 1a. reimp. |
| Materias: | |
| Etiquetas: |
Agregar Etiqueta
Sin Etiquetas, Sea el primero en etiquetar este registro!
|
| LEADER | 00554nam a22001575a 4500 | ||
|---|---|---|---|
| 001 | DER.der001508 | ||
| 008 | 180615s2004####ag#||||||||||||||#||spa|| | ||
| 005 | 20250613160308.0 | ||
| 245 | 1 | 0 | |a Derecho procesal penal : |b la realización penal. El proceso penal. |n Tomo II / |c Jorge Eduardo Vázquez Rossi. |
| 250 | |a 1a. ed., 1a. reimp. | ||
| 260 | |a Santa Fe : |b Rubinzal - Culzoni, |c 2004. | ||
| 300 | |a 528 p. | ||
| 020 | |a 9507271260 | ||
| 100 | 1 | |a Vázquez Rossi, Jorge Eduardo. | |
| 650 | 7 | |a DERECHO PROCESAL PENAL | |
| 859 | |a DERECHO |b BIB. DERECHO |h 345.05 |i VAZ |p 003042 |3 Tomo II | ||
